000 00281nam a22001217a 4500
008 170526b xxu||||| |||| 00| 0 eng d
041 _aeng
080 _a62*75.8)
100 _a27
101 _aIM
245 _aROBOT TECHNOLOGY AND APPLICATIONS
_cVETRATNG.E
942 _2udc
_cBK
999 _c14614
_d14614